Fr. Conceicao Rodrigues College of Engineering

Principles of Control Systems (Record no. 20717)

MARC details
000 -LEADER
fixed length control field 00378nam a2200169Ia 4500
082 ## - DEWEY DECIMAL CLASSIFICATION NUMBER
Classification number 629.8312
Item number GOY
100 ## - MAIN ENTRY--PERSONAL NAME
Personal name Goyal/ S.C./ Bakshi U A
250 ## - EDITION STATEMENT
Edition statement 4
245 ## - TITLE STATEMENT
Title Principles of Control Systems
260 ## - PUBLICATION, DISTRIBUTION, ETC.
Name of publisher, distributor, etc. Technical
Place of publication, distribution, etc. Pune
Date of publication, distribution, etc. 1997
300 ## - PHYSICAL DESCRIPTION
Extent 744
546 ## - LANGUAGE NOTE
Language note ENGLISH
650 ## - SUBJECT ADDED ENTRY--TOPICAL TERM
Topical term or geographic name entry element Electrical Engineering
654 ## - SUBJECT ADDED ENTRY--FACETED TOPICAL TERMS
Focus term Engineering
942 ## - ADDED ENTRY ELEMENTS (KOHA)
Koha item type BOOK
Holdings
Withdrawn status Lost status Damaged status Not for loan Collection Home library Current library Date acquired Total Checkouts Full call number Barcode Date last seen Price effective from Koha item type Date due Date last checked out
        CRC Fr. Agnel's C.Rodrigues College of Engineering AGNEL TECHNICAL COLLEGE LIBRARY 17/03/2023 2 629.8312 GOYY 9509 28/11/2025 17/03/2023 BOOK   27/11/2025
        CRC Fr. Agnel's C.Rodrigues College of Engineering Fr. Agnel's C.Rodrigues College of Engineering 17/03/2023   629.8312 GOY 10091 17/03/2023 17/03/2023 BOOK    
        CRC Fr. Agnel's C.Rodrigues College of Engineering Fr. Agnel's C.Rodrigues College of Engineering 17/03/2023   629.8312 GOY 10092 17/03/2023 17/03/2023 BOOK    
        CRC Fr. Agnel's C.Rodrigues College of Engineering Fr. Agnel's C.Rodrigues College of Engineering 17/03/2023   629.8312 GOY 10094 17/03/2023 17/03/2023 BOOK    
        CRC Fr. Agnel's C.Rodrigues College of Engineering Fr. Agnel's C.Rodrigues College of Engineering 17/03/2023   629.8312 GOY 10095 17/03/2023 17/03/2023 BOOK    
        CRC Fr. Agnel's C.Rodrigues College of Engineering Fr. Agnel's C.Rodrigues- College of Engineering 17/03/2023 1 629.8312 GOY 10093 12/06/2023 17/03/2023 BOOK 29/09/2014 12/06/2023